1925 1300 1298 1699 1727 1790 1431 1894 1068 1583 1685 1681 1567 1385 1941 1096 1285 1163 1147 1139 1875 1423 1217 1750 1440 1538 1548 1161 1790 1606 1761 1596 1099 1629 1622 1122 1698 1802 1862 1199 1884 1426 1957 1548 1134 1477 1856 1942 1833 1203 1339 1952 1871 1951 1305 1033 1889 1621 1047 1592 1322 1076 1142 1133 1589 1430 1662 1964 1134 1264 1065 1629 1758 1799 1419 1988 1459 1919 1082 1576 1388 1598 1387 1582 1477 1963 1144 1495 1841 1708 1683 2000 1759 1743 1971 1512 1324 1409 1672 BCNSPRNW ULIB Ver.6.0+V

เปลี่ยนเป็นภาษาไทย

Change to English
 แสดงรายละเอียดบรรณานุกรม
  กลับหน้าหลัก

Brief Record : Get Marc (ISO 2709) : E-mail record : QR code < ปิดหน้าต่าง
LEADER : 00000nam 2200000uu 4500
001    13399114788
003     ULIB
008    120517s2553||||th 000 0 tha d
020    ^a9749993713
050  4 ^aBF713^bพ263ท 2553
100 0  ^aพรรณทิพย์ ศิริวรรณบุศย์
245 10 ^aทฤษฎีจิตวิทยาพัฒนาการ /^cพรรณทิพย์ ศิริวรรณบุศย์
250    ^aพิมพ์ครั้งที่ 5
260    ^aกรุงเทพฯ :^bสำนักพิมพ์แห่งจุฬาลงกรณ์มหาวิทยาลัย,^c2553
300    ^a197 หน้า :^bภาพประกอบ ;^c26 ซม.
650  7 ^aจิตวิทยาพัฒนาการ
650  7 ^aพฤติกรรมมนุษย์
945    ^p150^l0^i19089
945    ^p150^l0^i19090
995    ^aกัณชพร
999 ^a ใช้งานได้ทุกระบบ
รายการนี้ยังไม่มีแท็ก
คุณยังไม่ได้ล็อกอิน คุณสามารถมีกิจกรรมร่วมกับเว็บไซต์ได้ แต่ต้องล็อกอินก่อน ::
  ล็อกอิน

รายการสื่อสารสนเทศ

ลำดับที่ ประเภท เลขเรียก/บาร์โค้ด สถานที่ สถานะ
- ไม่พบข้อมูล -

รายการใกล้เคียง
    ผู้แต่ง [พรรณทิพย์ ศิริวรรณบุศย์]

    หัวเรื่อง [จิตวิทยาพัฒนาการ]
    หัวเรื่อง [พฤติกรรมมนุษย์]

BibComment


ยังไม่เคยถูกคอมเมนท์

คอมเมนท์ทรัพยากรรายการนี้
  คอมเมนท์: ทฤษฎีจิตวิทยาพัฒ..


 Copyright 2026. Bcnsprnw @Library